| 000 | 00000nam 2200000za 4500 |
| 001 | 9.855630 |
| 003 | CaOODSP |
| 005 | 20221107155339 |
| 007 | cr ||||||||||| |
| 008 | 180423s2018 onca os f000 0 eng d |
| 020 | |a9780660263465 |
| 040 | |aCaOODSP|beng |
| 043 | |an-cn--- |
| 086 | 1 |aCS11-627/2018-11E-PDF |
| 245 | 00|aFreshwater in Canada |h[electronic resource] : |ba look at Canada’s freshwater resources from 1971 to 2013. |
| 260 | |a[Ottawa] : |bStatistics Canada, |c[2018] |
| 300 | |a[1] p. : |bcol. ill. |
| 500 | |aIssued also in French under title: L’eau douce au Canada : un aperçu des ressources d’eau douce du Canada de 1971 à 2013. |
| 500 | |aCaption title. |
| 520 | |a"The infographic “Freshwater in Canada: A look at Canada’s freshwater resources from 1971 to 2013,” presents some highlights from the publication Human Activity and the Environment, 2017: Freshwater in Canada (Catalogue no. 16-201-X). It includes multiple components including a map, a graph, pictographs and facts about the depth of renewable freshwater resources and water use"--Provided by publisher. |
| 692 | 07|2gccst|aFresh water |
| 692 | 07|2gccst|aWater use |
| 692 | 07|2gccst|aStatistics |
| 710 | 2 |aStatistics Canada. |
| 775 | 08|tL’eau douce au Canada |w(CaOODSP)9.855633 |
| 856 | 40|qPDF|s329 KB|uhttps://publications.gc.ca/collections/collection_2018/statcan/11-627-m/11-627-m2018011-eng.pdf |
| 986 | |a11-627-M |